Nedožité jubileum umelca Nad dielom Štefana Polkorába

Bibliographic Details
Main Author: Kutlík, F. (Author)
Format: Article
Language:Slovak
Subjects:

MARC

LEADER 00000nab a2200000 a 4500
001 vtls000096419
003 SK-MaSNL
005 20260303021747.0
008 040806c1981 xo 0 slo
015 |a SNBRB19rr/mm-uuuuu 
035 |a CL0106522 
040 |a SNKBUCL  |b slo  |c SNKBUCL  |e AACR2 
041 0 |a slo 
044 |a xo  |c SK 
080 |a 75  |2 1981 
080 |a 929Polkoráb, Štefan  |2 1981 
100 1 |a Kutlík, F.  |4 aut  |9 920971 
245 1 0 |a Nedožité jubileum umelca  |b Nad dielom Štefana Polkorába  |c F. Kutlík 
600 1 7 |a Polkoráb, Štefan,  |d 1896-1951  |2 snkbucl  |9 193357 
655 7 |a profily  |2 snkbucl  |9 341977 
655 7 |a články z novín a časopisov  |2 snkbucl  |9 267496 
773 0 |t Ľud  |g Roč. 34, č. 209 (4. 9. 1981), s. 5 
850 |a Slovenská národná knižnica v Martine  |a MTA001 
852 |a SNK  |b KIS3GCP 
958 |a BX 
999 |c 1625021  |d 1626951